Statistics for Austrian Chancellors and Presidents

Click here to take the quiz!

General Stats

  • This quiz has been taken 84 times
  • The average score is 20 of 46

Answer Stats

JahrAnswer% Correct
2020 -Sebastian Kurz
98%
2017 - 2019Sebastian Kurz
98%
2019 - 2020Brigitte Bierlein
88%
2016 - 2017Christian Kern
85%
2008 - 2016Werner Faymann
79%
2017 -Alexander Van der Bellen
77%
1970 - 1983Bruno Kreisky
77%
1945 - 1950Karl Renner
77%
1918 - 1920Karl Renner
77%
1945 - 1945Karl Renner
77%
2007 - 2008Alfred Gusenbauer
71%
2000 - 2007Wolfgang Schüssel
69%
1932 - 1934Engelbert Dollfuß
65%
2004 - 2016Heinz Fischer
65%
1986 - 1997Franz Vranitzky
63%
1986 - 1992Kurt Waldheim
60%
1997 - 2000Viktor Klima
60%
1945 - 1953Leopold Figl
58%
2016 - 2016Reinhold Mitterlehner
58%
1934 - 1938Kurt Schuschnigg
54%
1983 - 1986Fred Sinowatz
50%
1953 - 1961Julius Raab
44%
1938 - 1938Arthur Seyß-Inquart
42%
1965 - 1974Franz Jonas
40%
1992 - 2004Thomas Klestil
40%
2019 - 2019Hartwig Löger
38%
1957 - 1965Adolf Schärf
35%
1964 - 1970Josef Klaus
35%
1974 - 1986Rudolf Kirchschläger
35%
1961 - 1964Alfons Gorbach
33%
1951 - 1957Theodor Körner
31%
1919 - 1920Karl Seitz
21%
1928 - 1938Wilhelm Miklas
19%
1926 - 1929Ignaz Seipel
13%
1922 - 1924Ignaz Seipel
13%
1929 - 1930Johann Schober
12%
1922 - 1922Johann Schober
12%
1921 - 1922Johann Schober
12%
1920 - 1928Michael Hainisch
12%
1922 - 1922Walter Breisky
10%
1931 - 1932Karl Buresch
8%
1920 - 1921Michael Mayr
8%
1930 - 1931Otto Ender
8%
1930 - 1930Carl Vaugoin
6%
1929 - 1929Ernst Streeruwitz
6%
1924 - 1926Rudolf Ramek
6%

Score Distribution

Percentile by Number Answered

Percent of People with Each Score

Your Score History

You have not taken this quiz